| 000 | 00634nam a2200217Ia 4500 | ||
|---|---|---|---|
| 008 | 170203s9999 xx 000 0 und d | ||
| 020 | _a9715082661 | ||
| 050 | _aFic | ||
| 050 | _b.A44m 2005 | ||
| 100 | _aAmario, Virgilio. | ||
| 245 | _aManik Buangsi / | ||
| 245 | _cstory by Virgilio S. Almario ; illustrations by Ibarra Cruz Crisostomo and Leonardo Giron. | ||
| 260 | _aQuezon City, Philippines | ||
| 260 | _bAdarna House. | ||
| 260 | _c2005 | ||
| 300 | _a1 volume (unpaged) : | ||
| 300 | _bcolor illustrations ; | ||
| 300 | _c23 cm. | ||
| 650 | _aFolklore -- Philippines. | ||
| 650 | _aTagalog language materials. | ||
| 999 |
_c306133 _d306133 |
||